Ecologia y formacion ambiental/ (Registro nro. 8807)

Detalles MARC
000 -LEADER
fixed length control field 00902nam a2200205Ia 4500
005 - FECHA Y HORA DE LA ÚLTIMA TRANSACCIÓN
control field 20230809162730.0
008 - FIXED-LENGTH DATA ELEMENTS--GENERAL INFORMATION
fixed length control field 230809s9999 xx 000 0 und d
020 ## - INTERNATIONAL STANDARD BOOK NUMBER
International Standard Book Number 9789701029695
040 ## - CATALOGING SOURCE
Original cataloging agency UPAN
Transcribing agency Biblioteca San Vicente
Description conventions RCAA2
041 ## - LANGUAGE CODE
Language code of text/sound track or separate title spa
082 ## - DEWEY DECIMAL CLASSIFICATION NUMBER
Classification number 577
Item number V377e
año de publicación 2001
100 ## - MAIN ENTRY--PERSONAL NAME
Personal name Vasquez Torre, Guadalupe
Relator code aut.
245 #0 - TITLE STATEMENT
Title Ecologia y formacion ambiental/
Remainder of title Guadalupe Ana María Vásquez Torre
250 ## - EDITION STATEMENT
Edition statement 2ª ed.
260 ## - PUBLICATION, DISTRIBUTION, ETC. (IMPRINT)
Place of publication, distribution, etc Mexico:
Name of publisher, distributor, etc McGraw Hill,
Date of publication, distribution, etc 2001
300 ## - PHYSICAL DESCRIPTION
Extent 343 p.;
Dimensions 27 cm.
505 ## - FORMATTED CONTENTS NOTE
Formatted contents note Capitulo 1. Generalidades acerca de la ecología <br/>Capitulo 2. La energía en los ecosistemas<br/>Capitulo 3. Los ciclos ecológicos <br/>Capitulo 4. Ecología de las poblaciones<br/>Capitulo 5. Evolución de la población humana<br/>Capitulo 6. Ecosistemas <br/>Capitulo 7. Recursos naturales<br/>Capitulo 8. Educacion y formación ambiental
650 ## - SUBJECT ADDED ENTRY--TOPICAL TERM
Source of heading or term LEMB
General subdivision Ecología
942 ## - ADDED ENTRY ELEMENTS (KOHA)
Koha item type Libros
Source of classification or shelving scheme Dewey Decimal Classification
Existencias
Withdrawn status Lost status Source of classification or shelving scheme Damaged status Not for loan Collection code Home library Current library Date acquired Total Checkouts Full call number Barcode Date last seen Copy number Price effective from Koha item type
    Dewey Decimal Classification     Colección General Biblioteca UPAN San Vicente Biblioteca UPAN San Vicente 09/08/2023   577 V377e 12001537 09/08/2023 01 09/08/2023 Libros
    Dewey Decimal Classification     Colección General Biblioteca UPAN San Vicente Biblioteca UPAN San Vicente 09/08/2023   577 V377e 12001536 09/08/2023 02 09/08/2023 Libros
    Dewey Decimal Classification     Colección General Biblioteca UPAN San Vicente Biblioteca UPAN San Vicente 09/08/2023   577 V377e 12001535 09/08/2023 03 09/08/2023 Libros